000 00434nam a2200205Ia 4500
001 000180
003 YMCAF
005 20230512160010.0
008 100717s9999 ||||||||||||||||| ||und|d
024 _a180
035 _a173
040 _aYMCAF
_beng
_cIN-KoLT
041 _aeng
082 _aQUE-AND1
100 _aANDERSON E..P.
245 0 _aQUESTIONS AND ANSWERS FOR ELEC.
260 _c197
300 _a280
942 _2ddc
_cBK
999 _c156
_d156